Q.E.D. /

Gespeichert in:
Bibliographische Detailangaben
1. Verfasser: Stein, Gertrude
Weitere Verfasser: Asaro, Salvatore, (1985- ), Ricciardi, Caterina (Geleitwort verfasst von)
Format: Buch
Sprache:Italienisch
Veröffentlicht: Roma : Libreria Croce, 2015
Schriftenreihe:Participio passato ; 4
Tags: Tag hinzufügen
Keine Tags, Fügen Sie das erste Tag hinzu!

MARC

LEADER 00000nam a22000007i 4500
001 IT\ICCU\BVE\0685384
003 ItRI
005 20260115232127.0
008 150904s2015 it |||||| ||||| |||||c
020 |a 9788864022383 
040 |b ita  |c importazione bologna sebina 
041 7 |a ita  |2 ISO-639-2 
100 1 |a Stein, Gertrude  |0 IT\ICCU\CFIV\060098 
240 1 0 |a Q.E.D.   |3 IT\ICCU\BVE\0685389  |9 Stein, Gertrude 
245 1 0 |a Q.E.D. /  |c Gertrude Stein ; introduzione di Caterina Ricciardi ; a cura di Salvatore Asaro. 
260 |a Roma :  |b Libreria Croce,  |c 2015 
300 |a XIII, 113 p. ;  |c 21 cm. 
700 1 |a Asaro, Salvatore,  |d  (1985- )  |0 IT\ICCU\BVEV\180277 
700 1 |a Ricciardi, Caterina  |0 IT\ICCU\CFIV\029428  |4 aui 
830 0 |a Participio passato ;  |v 4  |0 IT\ICCU\RMB\0788352 
942 |2 ddc  |c BK  |n 0 
952 |0 0  |1 0  |4 0  |6 L_813_520000000000000_STE  |7 0  |9 20543  |a BO  |b BO  |d 2026-01-15  |i 19799  |l 0  |o L 813.52 STE  |p BO19799  |r 2026-01-15 23:21:27  |w 2026-01-15  |x [Sebina 5] [1 v.]  |y BK  |z 1 v. 
999 |c 17539  |d 17539